Predškolská výchova na Slovensku - súčasnosť a budúcnosť zborník z vedeckej konferencie na tému: "Materská škola - sociálna či výchovnovzdelávacia inštitúcia?"... 8. a 9. decembra 1994 ... v Bratislave

Bibliographic Details
Other Authors: Trubíniová, Valentína, 1937- (Compiler), Tamášová, Viola (Compiler)
Format: Book
Language:Slovak
PhysicalDescription:234 s. grafy 21 cm
Published: V Bratislave Pedagogická fakulta Univerzity Komenského 1997
ISBN:8088868092
Subjects:

MARC

LEADER 00000cam a2200000 a 4500
001 vtls001336159
003 SK-MaSNL
005 20260426011254.0
008 250414s1997 xo ad fr 10000 slo
015 |a SNBA1998/10-03878 
020 |a 8088868092 
035 |a SNK000289142 
035 |a urn:nbn:sk:snk-amjtfs 
035 |a urn:nbn:sk:snk:ar-a0ctac 
035 |a c4135cf4-a571-43ff-9d7d-15430762a172 
040 |a SNK  |b slo  |c SNK  |e AACR2 
041 0 |a slo 
044 |a xo  |c SK 
080 |a 372.3(437.6)(082)=00\  |2 1981 
245 0 0 |a Predškolská výchova na Slovensku - súčasnosť a budúcnosť  |b zborník z vedeckej konferencie na tému: "Materská škola - sociálna či výchovnovzdelávacia inštitúcia?"... 8. a 9. decembra 1994 ... v Bratislave 
260 |a V Bratislave  |b Pedagogická fakulta Univerzity Komenského  |c 1997 
300 |a 234 s.  |b grafy  |c 21 cm 
500 |a Čiast. text nem., angl. a čes. 
500 |a Údaj o zost. prevzatý z rubu tit. strany 
500 |a 400 výt. 
500 |a Zostavili: Valentína Trubíniová, Viola Tamášová 
504 |a Bibliogr. odkazy. Res. angl. a nem. 
650 0 7 |a predškolská výchova  |2 SNKPH  |9 3959 
650 0 7 |a perspektívy  |2 SNK  |9 290252 
650 0 7 |a materské školy  |2 SNKPH  |9 1278 
651 7 |a Slovensko  |2 SNKPHgeo  |9 14231 
655 7 |a zborníky konferencií  |2 SNKPH  |9 70153 
655 7 |a issue_zb  |2 SNK  |9 276493 
700 1 |a Trubíniová, Valentína,  |d 1937-  |4 com  |9 6459 
700 1 |a Tamášová, Viola  |4 com  |9 11655 
752 |d Bratislava 
852 |a Slovenská národná knižnica 
919 |a 80-88868-09-2 
954 |a odborná, vedecká literatúra pôvodná (slovenská)  |2 lita 
954 |a odborná, vedecká literatúra cudzojazyčná (svetová)  |2 lita 
958 |a ART 
958 |a TL 
958 |a NB 
958 |a OND 
999 |c 1062039  |d 1063969 
952 |t P60, <04>, [BOOK], {604}  |a SNK  |b SNK  |y VYP  |7 0  |p 17A0147933  |o snkSC 96228 D1  |i snkKSP 6956/98  |0 0  |1 0  |4 0  |d 1998-07-07  |l 0  |r 2005-01-02 00:00:00  |w 2026-02-24 
952 |a SNK  |b SNK  |y VYP  |7 0  |p 17A0468841  |o snkSC 96228 D2  |i snk2005/8359  |8 5  |0 0  |1 0  |4 0  |d 1998-07-07  |l 0  |r 2005-01-02 00:00:00  |w 2026-02-24 
952 |t P60, <03>, [BOOK], {603}  |a SNK  |b SNK  |y PREZ  |7 0  |p 17A0147934  |o snkSC 96228  |i snkKSP 6955/98  |0 0  |1 0  |4 0  |d 1998-07-07  |l 0  |r 2025-09-16 00:00:00  |w 2026-02-24